000 00703nam a2200217Ia 4500
003 GCL
008 140319s9999 xx 000 0 ara d
020 _a7025344977
040 _aGCL /
_cGCL
082 0 4 _a687.3
_bر م
100 1 _aرجب عبدالجواد ابراهيم
245 1 0 _aالمعجم العربى لاسماء الملابس /
_cرجب عبدالجواد ابراهيم
250 _aالاولى
260 _aالقاهرة :
_bدار الافاق العربية ،
_c2002
300 _a559 ص ؛
_c24 سم
650 0 4 _aالمعاجم
650 0 4 _aالملابس
650 0 4 _aالمعاجم المتخصصة
650 0 4 _aالملابس - معاجم
942 _2ddc
_cBK
999 _c45912
_d45912